| 000 | 00542nam a2200193 a 4500 | ||
|---|---|---|---|
| 003 | PILC | ||
| 005 | 20160601154945.0 | ||
| 008 | 121121s19uu xx 00 eng d | ||
| 020 | _a9781906884147 | ||
| 050 |
_aG 155.A1 _b.T58912 2010 |
||
| 245 |
_aTourism and crime : _bkey themes / _cedited by David Botterill and Trevor Jones. |
||
| 260 |
_aOxford, UK : _bGoodfellow Pub, _c2010. |
||
| 300 |
_avii, 240 pages ; _c24 cm. |
||
| 650 | _aTourism | ||
| 650 | _aCrime | ||
| 700 | _aJones, Trevor. | ||
| 942 |
_cBK _2lcc _kFOR |
||
| 999 |
_c22374 _d22374 |
||